Top 3 every position Soccer - Statistics

General Stats
  • This quiz has been taken 38 times
    22 since last reset
  • The average score is 22 of 27
Answer Stats
Hint Answer % Correct
Spain Pedri
100%
Brazil Vini Jr
100%
Morocco Achraf Hakimi
93%
Canada Alphonso Davies
93%
Norway Erling Haaland
93%
Germany Florian Wirtz
93%
Italy Gianluigi Donnarumma
93%
Germany Jamal Musiala
93%
England Jude Bellingham
93%
France Kylian Mbappe
93%
Egypt Mohamed Salah
93%
Netherlands Virgil Van Dijk
93%
Sweden Alexander Isak
87%
Uruguay Federico Valverde
87%
Solvenia Jan Oblak
87%
Croatia Joško Gvardiol
87%
Brazil Rodrygo
87%
Spain Lamine Yamal
80%
England Trent Alexander-Arnold
80%
Brazil Raphina
73%
Brazil Allison
67%
France Jules Koundé
67%
Spain Pau Cubarsí
67%
France William Saliba
67%
England Cole Palmer
60%
Spain Alejandro Grimaldo
40%
Spain Nico Williams
0%
No matching quizzes found
Score Distribution
Percent of People with Each Score
Percentile by Number Answered
Your Score History
You have not taken this quiz since the last reset